000 00529nam a2200193Ia 4500
999 _c15124
_d15124
003 OSt
005 20201020130349.0
008 190216s9999||||xx |||||||||||||| ||und||
020 _a9788130900353
040 _coclc
082 _a158.2
_bBOB/F
100 _aBob, Captain
_95936
245 0 _aFire Up Your Communication Skills /
_cCaptain Bob
250 _a1st Ed.
260 _bViva Books ,
_c2005.
_aNew Delhi:
300 _a315p
650 _aEnglish
942 _cBK
_2ddc
_h158.2
_iBOB/F
_k158.2
_mBOB/F